LEADER 00875nam0-22002771i-450 001 990005298280403321 005 20220822093738.0 035 $a000529828 035 $aFED01000529828 035 $a(Aleph)000529828FED01 035 $a000529828 100 $a19990530d1978----km-y0itay50------ba 101 0 $aita 105 $af-------00--- 200 1 $a<>"cattedra" di S. Pietro a Venezia$enote sulla simbologia astrale nell'arte islamica$fVincenzo Strika 210 $aNapoli$cIstituto Universitario Orientale$d1978 215 $a89 p., 12 tav.$d24 cm 300 $aSupplemento agli Annali vol. 38 700 1$aStrika,$bVincenzo$0206424 801 0$aIT$bUNINA$gRICA$2UNIMARC 901 $aBK 912 $a990005298280403321 952 $aST.REL. 08-E 08$bST.REL. 1603$fFLFBC 959 $aFLFBC 996 $a"cattedra" di S. Pietro a Venezia$9537087 997 $aUNINA